A history of Russia : (Record no. 112967)
[ view plain ]
| 000 -LEADER | |
|---|---|
| campo de control de longitud fija | 02858cam a2200397 a 4500 |
| 001 - NÚMERO DE CONTROL | |
| campo de control | 17247672 |
| 003 - IDENTIFICADOR DE NÚMERO DE CONTROL | |
| campo de control | BJBSDDR |
| 005 - FECHA Y HORA DE LA ÚLTIMA TRANSACCIÓN | |
| campo de control | 20230411090131.0 |
| 008 - DATOS DE LONGITUD FIJA--INFORMACIÓN GENERAL | |
| campo de control de longitud fija | 120409s2003 vau b 000 0 eng |
| 010 ## - NÚMERO DE CONTROL DE LA BIBLIOTECA DEL CONGRESO | |
| Número de control de LC | 2011377509 |
| 020 ## - NÚMERO INTERNACIONAL ESTÁNDAR DEL LIBRO | |
| Número Internacional Estándar del Libro | 1565856252 |
| 020 ## - NÚMERO INTERNACIONAL ESTÁNDAR DEL LIBRO | |
| Número Internacional Estándar del Libro | 9791565856256 |
| 040 ## - FUENTE DE CATALOGACIÓN | |
| Centro catalogador/agencia de origen | DLC |
| Centro/agencia transcriptor | DLC |
| 042 ## - CÓDIGO DE AUTENTICACIÓN | |
| Código de autenticación | pcc |
| 050 00 - SIGNATURA TOPOGRÁFICA DE LA BIBLIOTECA DEL CONGRESO | |
| Número de clasificación | LB 14.6 |
| Número de ítem | S819h 2003 |
| 082 ## - NÚMERO DE LA CLASIFICACIÓN DECIMAL DEWEY | |
| Número de edición | 370 |
| 100 1# - ENTRADA PRINCIPAL--NOMBRE DE PERSONA | |
| Nombre de persona | Steinberg, Mark D., |
| 9 (RLIN) | 6427 |
| Fechas asociadas al nombre | 1953- |
| 130 ## - ENTRADA PRINCIPAL--TÍTULO UNIFORME | |
| 9 (RLIN) | 6091 |
| Título uniforme | The Great Courses |
| 245 12 - MENCIÓN DEL TÍTULO | |
| Título | A history of Russia : |
| Resto del título | from Peter the Great to Gorbachev / |
| Mención de responsabilidad, etc. | Mark Steinberg. |
| 246 30 - FORMA VARIANTE DEL TITULO | |
| Título propio/Titulo breve | From Peter the Great to Gorbachev |
| 260 ## - PUBLICACIÓN, DISTRIBUCIÓN, ETC. | |
| Lugar de publicación, distribución, etc. | Chantilly, Va. : |
| Nombre del editor, distribuidor, etc. | Teaching Co., |
| Fecha de publicación, distribución, etc. | 2003. |
| 300 ## - DESCRIPCIÓN FÍSICA | |
| Extensión | 3 volumes ; |
| Dimensiones | 21 cm. |
| 440 ## - MENCIÓN DE SERIE/PUNTO DE ACCESO ADICIONAL--TÍTULO | |
| 9 (RLIN) | 6419 |
| Título | Great courses |
| 490 0# - MENCIÓN DE SERIE | |
| Mención de serie | The great courses |
| 500 ## - NOTA GENERAL | |
| Nota general | Course no. 8380. |
| 500 ## - NOTA GENERAL | |
| Nota general | "Lecture transcript and course guidebook"--Cover. |
| 505 ## - NOTA DE CONTENIDO CON FORMATO | |
| Nota de contenido con formato | Part I. lecture 1. Understanding the Russian past --<br/>lecture 2. The Russia of Peter the Great's childhood --<br/>lecture 3. Peter the Great's revolution --<br/>lecture 4. The Age of empresses: Catherine the Great --<br/>lecture 5. Social rebellion: the Purgachev uprising --<br/>lecture 6. Moral rebellion: Nikolai Novikov --<br/>lecture 7. Alexander I: imagining reform --<br/>lecture 8. The Decembrist rebellion --<br/>lecture 9. Nicholas I: orthodoxy, autocracy, nationality --<br/>lecture 10. Alexander Pushkin, Russia's national poet --<br/>lecture 11. The birth of the intelligentsia --<br/>lecture 12. Westernizers: Vissarion Belinskii. Part. II. lecture 13. Alexander II and the great reforms --<br/>lecture 14. "Nihilists" --<br/>lecture 15. Populists and Marxists --<br/>lecture 16. Paths to revolution: Lenin and Martov --<br/>lecture 17. Lev Tolstoy --<br/>lecture 18. The reign of Alexander III --<br/>lecture 19. Nicholas II: the last tsar --<br/>lecture 20. The revolution of 1905 --<br/>lecture 21. Peasant life and culture --<br/>lecture 22. The modern city and its discontents --<br/>lecture 23. Fin-de-siècle culture: decadence and iconoclasm --<br/>lecture 24. Fin-de-siècle culture: the religious renaissance. Part. III. lecture 25. War and revolution --<br/>lecture 26. Democratic Russia, 1917 --<br/>lecture 27. Bolsheviks in power --<br/>lecture 28. Civil War --<br/>lecture 29. Paths to socialism, the 1920s --<br/>lecture 30. Joseph Stalin --<br/>lecture 31. Stalin's revolution --<br/>lecture 32. Joy and terror: society and culture in joy and terror --<br/>lecture 33. The "Great Patriotic War" --<br/>lecture 34. The Soviet Union after Stalin --<br/>lecture 35. Private and public dissidence --<br/>lecture 36. Mikhail Gorbachev: Perestroika and Glasnost. |
| 650 #4 - PUNTO DE ACCESO ADICIONAL DE MATERIA--TÉRMINO DE MATERIA | |
| Término de materia o nombre geográfico como elemento de entrada | Educación |
| 9 (RLIN) | 1877 |
| 650 #4 - PUNTO DE ACCESO ADICIONAL DE MATERIA--TÉRMINO DE MATERIA | |
| Término de materia o nombre geográfico como elemento de entrada | Enseñanza |
| 9 (RLIN) | 6089 |
| 651 #4 - PUNTO DE ACCESO ADICIONAL DE MATERIA--NOMBRE GEOGRÁFICO | |
| 9 (RLIN) | 3670 |
| Nombre geográfico | Rusia |
| Subdivisión general | Historia |
| 710 2# - ENTRADA AGREGADA--NOMBRE DE ENTIDAD CORPORATIVA | |
| 9 (RLIN) | 6101 |
| Nombre de entidad corporativa o nombre de jurisdicción como elemento de entrada | Teaching Company |
| 830 ## - PUNTO DE ACCESO ADICIONAL DE SERIE-TÍTULO UNIFORME | |
| 9 (RLIN) | 6091 |
| Título uniforme | The Great Courses |
| 906 ## - ELEMENTOS DE DATOS F LOCAL, LDF (RLIN) | |
| a | 7 |
| b | cbc |
| c | orignew |
| d | 2 |
| e | ncip |
| f | 20 |
| g | y-gencatlg |
| 942 ## - ELEMENTOS DE ENTRADA SECUNDARIOS (KOHA) | |
| Fuente del sistema de clasificación o colocación | Clasificación de Library of Congress |
| Tipo de ítem Koha | Libro |
| Estatus retirado | Estado de pérdida | Fuente del sistema de clasificación o colocación | Estado de daño | No para préstamo | Colección | Biblioteca de origen | Biblioteca actual | Ubicación en estantería | Fecha de adquisición | Serial enumeration / chronology | Signatura topográfica completa | Código de barras | Visto por última vez | Copia número | Tipo de ítem Koha |
|---|---|---|---|---|---|---|---|---|---|---|---|---|---|---|---|
| Clasificación de Library of Congress | Humanidades | Biblioteca Juan Bosch | Biblioteca Juan Bosch | Humanidades (4to. Piso) | 24/07/2019 | v.1 | LB 14.6 S819h 2003 | 00000136909 | 24/07/2019 | 1 | Libro | ||||
| Clasificación de Library of Congress | Humanidades | Biblioteca Juan Bosch | Biblioteca Juan Bosch | Humanidades (4to. Piso) | 24/07/2019 | v.2 | LB 14.6 S819h 2003 | 00000136910 | 24/07/2019 | 1 | Libro | ||||
| Clasificación de Library of Congress | Humanidades | Biblioteca Juan Bosch | Biblioteca Juan Bosch | Humanidades (4to. Piso) | 24/07/2019 | v.3 | LB 14.6 S819h 2003 | 00000136911 | 24/07/2019 | 1 | Libro |
